000 00770nam a22002537a 4500
001 BR6001369
003 BR-BrBNA
005 20230928083056.0
007 ta
008 230509b bl.||||| |||| 00| 0 por d
040 _aBR-BrBNA
_bpor
_cBiblioteca Nacional de Agricultura
041 _a(Por)
072 _aE10
090 _ E10 BR6001369
110 1 _aServico de Economia Rural, Rio de Janeiro, GB (Brasil)
_99315
111 1 _a2. Reuniao de Consulta as Cooperativas
_cRecife, PE (Brazil)
_d3 May 1954
245 1 _a2. Reuniao de Consulta as Cooperativas. Conclusoes aprovadas
260 3 _aRio de Janeiro, GB (Brasil):
_c1954.
300 _a174 p.
650 _aMacroeconomia
650 _aCooperativa
909 _a202309
_bLucia
_c55
_dLucia Elande
942 _cBK
999 _c11433
_d11433